00497nam a2200133Ia 4500008004100000100002500041245004200066260006900108300001100177650001500188856006800203999001900271952007300290160712s9999 xx 000 0 und d aMarquez, Jeena Rani. cJeena Rani MarquezaThe River of Gold c2012bLikhaan: The Journal of Contemporary Philippine Literature avol. 6 xNONFICTION uhttp://journals.upd.edu.ph/index.php/lik/issue/view/536/showToc c297461d297461 001040aCLbCLd2016-07-12l0r2016-07-12 00:00:00w2016-07-12yFEJ